000 00415nam a2200157 a 4500
005 20140412111428.0
008 090224s19uu xx 00 eng d
020 _a0-439-87125-5
050 _aTR(PS E
_bNe 2007
100 _aParker, David
245 _aA New person in my class /
_cDavid Parker.
260 _aU.S.A :
_bScholastic,
_c2007.
300 _aunp.
440 _aThe Best me i can be
999 _c106298
_d106298